Fieser and Fieser's Reagents for organic synthesis : (Record no. 480925)
[ view plain ]
| 000 -LEADER | |
|---|---|
| fixed length control field | 01207nam a2200337 a 4500 |
| 001 - CONTROL NUMBER | |
| control field | NYPG93-B4938 |
| 003 - CONTROL NUMBER IDENTIFIER | |
| control field | ASAB |
| 005 - DATE AND TIME OF LATEST TRANSACTION | |
| control field | 20190718064654.0 |
| 008 - FIXED-LENGTH DATA ELEMENTS--GENERAL INFORMATION | |
| fixed length control field | 930125s1990 nyu i 000 0 eng d |
| 010 ## - LIBRARY OF CONGRESS CONTROL NUMBER | |
| LC control number | 88659800 |
| 020 ## - INTERNATIONAL STANDARD BOOK NUMBER | |
| International Standard Book Number | 0471840912 |
| 035 ## - SYSTEM CONTROL NUMBER | |
| System control number | (WaOLN)nyp1667286 |
| 038 ## - RECORD CONTENT LICENSOR | |
| Staff Name | ASAB |
| 040 ## - CATALOGING SOURCE | |
| Original cataloging agency | RPB |
| Transcribing agency | ASAB |
| 082 ## - DEWEY DECIMAL CLASSIFICATION NUMBER | |
| Classification number | 547.2 |
| 100 1# - MAIN ENTRY--PERSONAL NAME | |
| Personal name | Smith, Janice G. |
| 9 (RLIN) | 18026 |
| 245 10 - TITLE STATEMENT | |
| Title | Fieser and Fieser's Reagents for organic synthesis : |
| Remainder of title | collective index for volumes 1-22 / |
| Statement of responsibility, etc. | Janice G. Smith, Mary Fieser. |
| 260 ## - PUBLICATION, DISTRIBUTION, ETC. | |
| Place of publication, distribution, etc. | New York : |
| Name of publisher, distributor, etc. | Wiley, |
| Date of publication, distribution, etc. | c1990. |
| 300 ## - PHYSICAL DESCRIPTION | |
| Extent | vii, 669 p. ; |
| Dimensions | 24 cm. |
| 500 ## - GENERAL NOTE | |
| General note | Half title and title on spine: Reagents for organic synthesis. |
| 500 ## - GENERAL NOTE | |
| General note | "A Wiley-Interscience publication." |
| 600 10 - SUBJECT ADDED ENTRY--PERSONAL NAME | |
| Personal name | Fieser, Louis Frederick, |
| Dates associated with a name | 1899- |
| Title of a work | Reagents for organic synthesis |
| Form subdivision | Indexes. |
| 9 (RLIN) | 18027 |
| 650 #0 - SUBJECT ADDED ENTRY--TOPICAL TERM | |
| Topical term or geographic name entry element | Organic compounds |
| General subdivision | Synthesis |
| Form subdivision | Indexes. |
| 9 (RLIN) | 18028 |
| 650 #0 - SUBJECT ADDED ENTRY--TOPICAL TERM | |
| Topical term or geographic name entry element | Chemical tests and reagents |
| Form subdivision | Indexes. |
| 9 (RLIN) | 18029 |
| 700 1# - ADDED ENTRY--PERSONAL NAME | |
| Personal name | Fieser, Mary, |
| Dates associated with a name | 1909- |
| 9 (RLIN) | 18030 |
| 700 1# - ADDED ENTRY--PERSONAL NAME | |
| Personal name | Fieser, Louis Frederick, |
| Dates associated with a name | 1899- |
| Title of a work | Reagents for organic synthesis. |
| 9 (RLIN) | 18031 |
| 740 0# - ADDED ENTRY--UNCONTROLLED RELATED/ANALYTICAL TITLE | |
| Uncontrolled related/analytical title | Reagents for organic synthesis. |
| 942 ## - ADDED ENTRY ELEMENTS (KOHA) | |
| Source of classification or shelving scheme | |
| Koha item type | Book |
| Withdrawn status | Lost status | Source of classification or shelving scheme | Damaged status | Not for loan | Collection code | Permanent Location | Current Location | Date acquired | Total Checkouts | Full call number | Barcode | Date last seen | Price effective from | Koha item type |
|---|---|---|---|---|---|---|---|---|---|---|---|---|---|---|
| Atta-ur-Rahman School of Applied Biosciences (ASAB) | Atta-ur-Rahman School of Applied Biosciences (ASAB) | 08/16/2018 | 547.2 SMI | ASAB827 | 07/18/2019 | 08/16/2018 | Reference |
